L'Empreinte /
Wedi'i Gadw mewn:
| Prif Awdur: | |
|---|---|
| Fformat: | Sách giấy |
| Iaith: | English |
| Cyhoeddwyd: |
Paris :
Librairie Académique,
1930.
|
| Pynciau: | |
| Tagiau: |
Ychwanegu Tag
Dim Tagiau, Byddwch y cyntaf i dagio'r cofnod hwn!
|
| Thư viện lưu trữ: | Thư viện Trường Đại học Đà Lạt |
|---|
| LEADER | 00682nam a2200301 4500 | ||
|---|---|---|---|
| 001 | DLU110120848 | ||
| 005 | ##20110509 | ||
| 040 | # | # | |a DLU |b vie |
| 041 | # | # | |a eng |
| 044 | # | # | |a vn |
| 082 | # | # | |a 843 |b ES-E |
| 100 | # | # | |a Estaunié, Édouard. |
| 245 | # | # | |a L'Empreinte / |c Édouard Estaunié. |
| 260 | # | # | |a Paris : |b Librairie Académique, |c 1930. |
| 300 | # | # | |a 344 tr. ; |c 19 cm. |
| 653 | # | # | |a French fiction |
| 653 | # | # | |a French literature |
| 923 | # | # | |a 01/2011NN |
| 991 | # | # | |a GT |
| 992 | # | # | |a 0 |
| 994 | # | # | |a KNN |
| 900 | # | # | |a True |
| 911 | # | # | |a Đào Thị Thu Huyền |
| 925 | # | # | |a G |
| 926 | # | # | |a A |
| 927 | # | # | |a SH |
| 980 | # | # | |a Thư viện Trường Đại học Đà Lạt |